Internet marketing

সংরক্ষণ করুন:
গ্রন্থ-পঞ্জীর বিবরন
প্রধান লেখক: Rafi A. Mohammed
বিন্যাস: গ্রন্থ
ভাষা:Undetermined
প্রকাশিত: Boston McGraw-Hill 2004
ট্যাগগুলো: ট্যাগ যুক্ত করুন
কোনো ট্যাগ নেই, প্রথমজন হিসাবে ট্যাগ করুন!
Thư viện lưu trữ: Trung tâm Học liệu Trường Đại học Cần Thơ
LEADER 00348nam a2200133Ia 4500
001 CTU_65883
008 210402s9999 xx 000 0 und d
020 |b 1865000 
100 |a Rafi A. Mohammed 
245 0 |a Internet marketing 
260 |a Boston 
260 |b McGraw-Hill 
260 |c 2004 
980 |a Trung tâm Học liệu Trường Đại học Cần Thơ